Dzielnice Lublina (z mapą) - Statystyki

Ogólne statystyki
  • Ten quiz został rozwiązany 1 650 razy
    1 612 od ostatniego zresetowania
  • Średni wynik to 17 z 27
Odpowiedzi na mapie
Odpowiedzi zakodowano w zielono-czerwonej skali na mapie do tego quizu, zgodnie z poniższymi procentami.
 
Statystyki odpowiedzi
Dzielnica % Poprawnych
Zemborzyce
80%
Bronowice
79%
Śródmieście
78%
Felin
76%
Czechów Północny
74%
Czechów Południowy
74%
Stare Miasto
74%
Sławin
70%
Abramowice
69%
Tatary
68%
Czuby Północne
67%
Czuby Południowe
66%
Dziesiąta
65%
Rury
65%
Sławinek
62%
Kalinowszczyzna
61%
Węglin Północny
60%
Węglin Południowy
60%
Wrotków
60%
Wieniawa
58%
Za Cukrownią
58%
Ponikwoda
50%
Głusk
47%
Kośminek
40%
Konstantynów
37%
Szerokie
37%
Hajdów-Zadębie
34%
Nie znaleziono quizów pasujących do podanych kryteriów
Rozkład punktacji
Procent ludzi z każdym wynikiem
Percentyl według liczby udzielonych odpowiedzi
Twoja historia wyników
Nie rozwiązałeś tego quizu od ostatniego zresetowania